[Event "EU-ch Amateur U2000"]
[Site "Rhodes"]
[Date "2019.04.06"]
[Round "1"]
[White "Suliborski, Artur"]
[Black "Petukhov, Igor"]
[Result "1/2-1/2"]
[WhiteElo "1926"]
[BlackElo "1819"]
[PlyCount "99"]
[EventDate "2019.04.06"]
[EventType "swiss"]
[EventRounds "9"]
[EventCountry "GRE"]
[SourceTitle "EXT 2020"]
[Source "ChessBase"]
[SourceDate "2019.10.17"]
[SourceVersion "1"]
[SourceVersionDate "2019.10.17"]
[SourceQuality "1"]

1. e4 e5 2. Nf3 Nc6 3. Bb5 Nge7 4. 0-0 g6 5. c3 a6 6. Ba4 Bg7 7. d4 exd4 8. cxd4 0-0 9. d5 Na5 10. Nc3 b5 11. Bc2 d6 12. Nd4 Bb7 13. Bg5 h6 14. Bf4 Nc4 15. b3 Na3 16. Rc1 Nxc2 17. Rxc2 Kh7 18. Qd2 Rc8 19. a4 c6 20. Nxc6 Nxc6 21. dxc6 Rxc6 22. axb5 axb5 23. Nd5 Rxc2 24. Qxc2 Bxd5 25. exd5 Be5 26. Bxe5 dxe5 27. Qc6 Qe8 28. Qc5 Kg7 29. Re1 Qc8 30. Qxb5 Qc3 31. Kf1 Rc8 32. Qe2 Rb8 33. Qxe5+ Qxe5 34. Rxe5 Rxb3 35. Ke2 Kf6 36. Re8 Rb5 37. d6 Rd5 38. Rh8 h5 39. Rd8 Ke6 40. Ke3 Rxd6 41. Rxd6+ Kxd6 42. Kf4 f6 43. h4 Ke6 44. f3 Kf7 45. g4 hxg4 46. fxg4 Kg7 47. h5 gxh5 48. gxh5 Kh6 49. Kf5 Kxh5 50. Kxf6 1/2-1/2

[Event "EU-ch Amateur U2000"]
[Site "Niksic"]
[Date "2018.06.21"]
[Round "9"]
[White "Suliborski, Artur"]
[Black "Djukanovic, Mitar"]
[Result "1/2-1/2"]
[WhiteElo "1944"]
[BlackElo "1824"]
[PlyCount "26"]
[EventDate "2018.06.14"]
[EventType "swiss"]
[EventRounds "9"]
[EventCountry "MNE"]
[SourceTitle "EXT 2019"]
[Source "ChessBase"]
[SourceDate "2018.10.10"]
[SourceVersion "1"]
[SourceVersionDate "2018.10.10"]
[SourceQuality "1"]

1. Nf3 f5 2. b3 d6 3. d4 g6 4. Bb2 Bg7 5. Nbd2 Nf6 6. e3 c6 7. Be2 0-0 8. 0-0 h6 9. c4 Nbd7 10. Qc2 Qe8 11. Rfd1 e5 12. dxe5 dxe5 13. Rac1 a5 1/2-1/2

[Event "EU-ch Amateur U2000"]
[Site "Niksic"]
[Date "2018.06.20"]
[Round "8"]
[White "Perovic, Rade"]
[Black "Suliborski, Artur"]
[Result "0-1"]
[WhiteElo "1883"]
[BlackElo "1944"]
[PlyCount "142"]
[EventDate "2018.06.14"]
[EventType "swiss"]
[EventRounds "9"]
[EventCountry "MNE"]
[SourceTitle "EXT 2019"]
[Source "ChessBase"]
[SourceDate "2018.10.10"]
[SourceVersion "1"]
[SourceVersionDate "2018.10.10"]
[SourceQuality "1"]

1. b3 e5 2. Bb2 d6 3. c4 f5 4. e3 Nf6 5. g3 g6 6. Bg2 Bg7 7. Ne2 0-0 8. 0-0 Nc6 9. d3 Qe7 10. Nbc3 Be6 11. d4 Bf7 12. dxe5 dxe5 13. Qc1 Rfd8 14. e4 fxe4 15. Nxe4 Nxe4 16. Bxe4 Rab8 17. Nc3 Nb4 18. Qe3 a5 19. Rad1 c6 20. Ba3 Qc7 21. Bb1 Rd4 22. Ne2 Rxd1 23. Rxd1 Rd8 24. Rd2 Be6 25. Nc3 Rxd2 26. Qxd2 Qd7 27. Ne4 Qxd2 28. Nxd2 Bf5 29. Bxb4 axb4 30. f3 Bh6 31. Bxf5 gxf5 32. Nf1 Kf7 33. Kf2 Ke6 34. Ke2 e4 35. f4 Bg7 36. Ne3 h5 37. Nc2 Bc3 38. Ke3 c5 39. h3 Bb2 40. Ke2 Bc3 41. Ne3 Bb2 42. g4 hxg4 43. hxg4 fxg4 44. Nxg4 Kf5 45. Nh6+ Kxf4 46. Nf7 Bf6 47. Nd6 b6 48. Nc8 Bd8 49. Na7 Bc7 50. Nb5 Bb8 51. a3 bxa3 52. Nxa3 Be5 53. Nb5 e3 54. Na7 Ke4 55. Nc6 Bc7 56. b4 Bf4 57. bxc5 bxc5 58. Ne7 Kd4 59. Nd5 Bh6 60. Nb6 Bg5 61. Nc8 Kxc4 62. Nd6+ Kd5 63. Nb5 c4 64. Nc3+ Kd4 65. Nb5+ Kc5 66. Nc3 Kb4 67. Ne4 Bh6 68. Nf6 Kb3 69. Ne4 Kb2 70. Nc5 c3 71. Nd3+ Kb1 0-1

[Event "EU-ch Amateur U2000"]
[Site "Niksic"]
[Date "2018.06.19"]
[Round "7"]
[White "Suliborski, Artur"]
[Black "Ruzic, Pia Marie"]
[Result "1-0"]
[WhiteElo "1944"]
[BlackElo "1737"]
[PlyCount "77"]
[EventDate "2018.06.14"]
[EventType "swiss"]
[EventRounds "9"]
[EventCountry "MNE"]
[SourceTitle "EXT 2019"]
[Source "ChessBase"]
[SourceDate "2018.10.10"]
[SourceVersion "1"]
[SourceVersionDate "2018.10.10"]
[SourceQuality "1"]

1. e4 e6 2. d4 d5 3. exd5 exd5 4. Bd3 Nc6 5. Nf3 Bg4 6. c3 Bd6 7. 0-0 Nge7 8. Re1 Qd7 9. Nbd2 0-0-0 10. b4 Rde8 11. a4 h5 12. a5 g5 13. b5 Nb8 14. Nb3 f6 15. Ba3 Bxa3 16. Rxa3 Qd6 17. Ra1 f5 18. Nc5 f4 19. Qc2 b6 20. axb6 axb6 21. Rxe7 Rxe7 22. Bf5+ Bxf5 23. Qxf5+ Rd7 24. Nxd7 Qxd7 25. Qxd7+ Kxd7 26. Nxg5 Rg8 27. Nf7 Ke6 28. Ne5 Rg7 29. Ra8 Nd7 30. Nxd7 Rxd7 31. Rf8 Rf7 32. Rxf7 Kxf7 33. Kf1 Kf6 34. Ke2 Kf5 35. Kf3 Kg5 36. h4+ Kf5 37. g3 fxg3 38. fxg3 Kg6 39. g4 1-0

[Event "EU-ch Amateur U2000"]
[Site "Niksic"]
[Date "2018.06.16"]
[Round "3"]
[White "Suliborski, Artur"]
[Black "Srdanovic, Ljuban"]
[Result "1/2-1/2"]
[WhiteElo "1944"]
[BlackElo "1802"]
[PlyCount "120"]
[EventDate "2018.06.14"]
[EventType "swiss"]
[EventRounds "9"]
[EventCountry "MNE"]
[SourceTitle "EXT 2019"]
[Source "ChessBase"]
[SourceDate "2018.10.10"]
[SourceVersion "1"]
[SourceVersionDate "2018.10.10"]
[SourceQuality "1"]

1. e4 c5 2. Nf3 d6 3. d4 cxd4 4. Nxd4 Nf6 5. Nc3 a6 6. h3 e6 7. g4 h6 8. Bg2 Qc7 9. 0-0 Nc6 10. Re1 Bd7 11. Nd5 Nxd5 12. exd5 Nxd4 13. Qxd4 e5 14. f4 f6 15. Qe4 0-0-0 16. f5 Kb8 17. Be3 Rc8 18. Rac1 Be7 19. c4 b6 20. b4 Qa7 21. Rc3 h5 22. Rb1 hxg4 23. hxg4 g6 24. Bf2 gxf5 25. gxf5 Rh5 26. Bh3 Rg8+ 27. Kf1 Rgg5 28. Rf3 Qc7 29. Rbb3 Qc8 30. Bxb6 Rxh3 31. Rxh3 Bxf5 32. Qh4 Bxh3+ 33. Rxh3 Rg4 34. Qh8 Rg8 35. Qh4 Qf5+ 36. Bf2 Qb1+ 37. Be1 Qxa2 38. Rg3 Rxg3 39. Bxg3 Qb1+ 40. Be1 Qd3+ 41. Kg2 Kc7 42. Bf2 Kd7 43. Qg4+ f5 44. Qg6 Qe4+ 45. Kh2 Qf4+ 46. Kg1 Qg5+ 47. Qxg5 Bxg5 48. Be1 Kc8 49. Kf1 Kb7 50. Ke2 a5 51. bxa5 Bd8 52. Bb4 Bc7 53. Kd3 Ka6 54. Ke3 Bxa5 55. Bxd6 Bc3 56. Bc5 Ba5 57. Kd3 e4+ 58. Kd4 Bb6 59. d6 Bxc5+ 60. Kxc5 Kb7 1/2-1/2

[Event "EU-ch Amateur U2000"]
[Site "Niksic"]
[Date "2018.06.15"]
[Round "2"]
[White "Le Bris, Louis"]
[Black "Suliborski, Artur"]
[Result "0-1"]
[WhiteElo "1734"]
[BlackElo "1944"]
[PlyCount "86"]
[EventDate "2018.06.14"]
[EventType "swiss"]
[EventRounds "9"]
[EventCountry "MNE"]
[SourceTitle "EXT 2019"]
[Source "ChessBase"]
[SourceDate "2018.10.10"]
[SourceVersion "1"]
[SourceVersionDate "2018.10.10"]
[SourceQuality "1"]

1. d4 Nf6 2. Bf4 g6 3. Nf3 Bg7 4. e3 0-0 5. h3 d6 6. Be2 Nbd7 7. 0-0 b6 8. c3 Bb7 9. Nfd2 e5 10. Bg5 Qe7 11. Na3 Rfe8 12. Qa4 a6 13. Qc2 h6 14. Bh4 b5 15. Bf3 e4 16. Be2 Rab8 17. Qd1 Nf8 18. Nc2 g5 19. Bg3 Ng6 20. Re1 Kh7 21. Nf1 Nd7 22. Bg4 Rf8 23. Bf5 Nb6 24. Bh2 Bc8 25. Ng3 d5 26. Nb4 Bb7 27. Nc2 Nc4 28. b3 Nd6 29. Qg4 Kh8 30. Bxg6 fxg6 31. Qe2 Rf7 32. Rf1 Rbf8 33. Nh1 Nf5 34. Ng3 Nh4 35. Nh1 Qe6 36. Ne1 Bc8 37. f4 exf3 38. Nxf3 Nxf3+ 39. Rxf3 Rxf3 40. gxf3 Qxh3 41. f4 Bg4 42. Qf2 gxf4 43. exf4 Qxc3 0-1

[Event "Mazowiec-chT 1617"]
[Site "Warsaw"]
[Date "2017.01.29"]
[Round "7.18"]
[White "Rozycki, Dariusz"]
[Black "Suliborski, Artur"]
[Result "0-1"]
[WhiteElo "1335"]
[BlackElo "1951"]
[PlyCount "76"]
[EventDate "2016.12.11"]
[EventType "team-tourn"]
[EventRounds "10"]
[EventCountry "POL"]
[SourceTitle "EXT 2019"]
[Source "ChessBase"]
[SourceDate "2018.10.10"]
[SourceVersion "1"]
[SourceVersionDate "2018.10.10"]
[SourceQuality "1"]

1. e4 c6 2. d4 d5 3. Nc3 g6 4. Be3 Nf6 5. e5 Ng4 6. Qd2 Nxe3 7. Qxe3 b5 8. f4 Bf5 9. Bd3 Bxd3 10. cxd3 e6 11. Nf3 Nd7 12. Rc1 Rc8 13. 0-0 h5 14. Rc2 Qb6 15. Rfc1 Be7 16. Nxd5 exd5 17. e6 fxe6 18. Qxe6 c5 19. Qxd5 Qd6 20. Qxd6 Bxd6 21. dxc5 Rxc5 22. Rxc5 Nxc5 23. d4 Ne6 24. Re1 Kd7 25. Ne5+ Bxe5 26. dxe5 Nxf4 27. g3 Ne6 28. Rd1+ Kc7 29. Rd6 Re8 30. Kf2 g5 31. Ke3 g4 32. Ke4 Ng5+ 33. Kf5 Rxe5+ 34. Kxe5 Nf7+ 35. Kf5 Kxd6 36. Kg6 Ke6 37. Kxh5 Kf5 38. Kh4 Ng5 0-1

[Event "EU Amateur-ch"]
[Site "Ruzomberok"]
[Date "2016.06.11"]
[Round "8"]
[White "Suliborski, Artur"]
[Black "Galbavy, Dusan"]
[Result "1-0"]
[WhiteElo "1943"]
[BlackElo "1853"]
[PlyCount "69"]
[EventDate "2016.06.06"]
[EventType "swiss"]
[EventRounds "9"]
[EventCountry "SVK"]
[SourceTitle "CBM 172 Extra"]
[Source "ChessBase"]
[SourceDate "2016.06.21"]
[SourceVersion "1"]
[SourceVersionDate "2016.06.21"]
[SourceQuality "1"]

1. e4 e6 2. d3 d5 3. Nd2 c5 4. Ngf3 Nc6 5. g3 d4 6. e5 Qc7 7. Qe2 Nge7 8. a4 Nd5 9. Bg2 Be7 10. 0-0 Bd7 11. Nc4 a6 12. a5 0-0 13. Ng5 f6 14. exf6 Rxf6 15. Bxd5 exd5 16. Nb6 Re8 17. Nxd5 Qd6 18. Nxf6+ Bxf6 19. Ne4 Qf8 20. f4 Nb4 21. Re1 Nd5 22. Qh5 Ne3 23. Bxe3 dxe3 24. c3 c4 25. Rxe3 cxd3 26. Nxf6+ gxf6 27. Rxe8 Bxe8 28. Qd5+ Bf7 29. Qxd3 Qc5+ 30. Qd4 Qc6 31. Re1 Kg7 32. Re7 Qb5 33. Qd7 Qc4 34. Qxb7 Kf8 35. Rxf7+ 1-0

[Event "EU Amateur-ch"]
[Site "Ruzomberok"]
[Date "2016.06.09"]
[Round "5"]
[White "Suliborski, Artur"]
[Black "Nagy, Laszlo"]
[Result "1-0"]
[WhiteElo "1943"]
[BlackElo "1904"]
[PlyCount "69"]
[EventDate "2016.06.06"]
[EventType "swiss"]
[EventRounds "9"]
[EventCountry "SVK"]
[SourceTitle "CBM 172 Extra"]
[Source "ChessBase"]
[SourceDate "2016.06.21"]
[SourceVersion "1"]
[SourceVersionDate "2016.06.21"]
[SourceQuality "1"]

1. e4 c5 2. Nf3 d6 3. d4 cxd4 4. Nxd4 Nf6 5. Nc3 a6 6. h3 e5 7. Nde2 Be6 8. g4 g6 9. Bg2 h5 10. g5 Nfd7 11. Nd5 Nc6 12. Nec3 Bg7 13. Be3 0-0 14. 0-0 b5 15. a3 Re8 16. Qd2 Rb8 17. Rad1 Bf8 18. Qc1 Qc8 19. Kh2 Rd8 20. Nf6+ Nxf6 21. gxf6 b4 22. Nd5 Bxd5 23. exd5 Nd4 24. Bxd4 exd4 25. Rxd4 bxa3 26. bxa3 Qf5 27. Qf4 Qxc2 28. Be4 Qe2 29. Rg1 Rb2 30. Rg2 Qe1 31. Qg3 Kh8 32. Bxg6 Qe5 33. Bxh5 Bh6 34. Rh4 Rg8 35. Bxf7 1-0

[Event "Pobeskydy op"]
[Site "Frydek Mistek"]
[Date "2016.03.27"]
[Round "7"]
[White "Chudinovskih, Alexander N"]
[Black "Suliborski, Artur"]
[Result "1-0"]
[WhiteElo "2255"]
[BlackElo "1903"]
[PlyCount "59"]
[EventDate "2016.03.24"]
[EventType "swiss"]
[EventRounds "9"]
[EventCountry "CZE"]
[SourceTitle "CBM 171 Extra"]
[Source "ChessBase"]
[SourceDate "2016.04.26"]
[SourceVersion "1"]
[SourceVersionDate "2016.04.26"]
[SourceQuality "1"]

1. d4 Nf6 2. Nf3 d5 3. c4 e6 4. Nc3 c6 5. Bg5 dxc4 6. e4 b5 7. e5 h6 8. Bh4 g5 9. Nxg5 hxg5 10. Bxg5 Nbd7 11. g3 Rg8 12. Bxf6 Nxf6 13. exf6 Bb7 14. Bg2 Qb6 15. 0-0 0-0-0 16. Qh5 Rg6 17. a4 a6 18. axb5 axb5 19. Rfd1 Rxf6 20. Ne4 Rf5 21. Qh7 Rxd4 22. Qg8 Rd8 23. Rxd8+ Qxd8 24. Bh3 Be7 25. Qh7 Rd5 26. Qxf7 Rd1+ 27. Rxd1 Qxd1+ 28. Kg2 c5 29. Qxe6+ Kd8 30. Qb6+ 1-0

[Event "Pobeskydy op"]
[Site "Frydek Mistek"]
[Date "2016.03.26"]
[Round "5"]
[White "Kubik, Michael"]
[Black "Suliborski, Artur"]
[Result "1-0"]
[WhiteElo "2184"]
[BlackElo "1903"]
[PlyCount "59"]
[EventDate "2016.03.24"]
[EventType "swiss"]
[EventRounds "9"]
[EventCountry "CZE"]
[SourceTitle "CBM 171 Extra"]
[Source "ChessBase"]
[SourceDate "2016.04.26"]
[SourceVersion "1"]
[SourceVersionDate "2016.04.26"]
[SourceQuality "1"]

1. e4 c6 2. d4 d5 3. e5 Bf5 4. Nf3 e6 5. Be2 Ne7 6. 0-0 Nd7 7. Nh4 Bg6 8. Nd2 c5 9. c3 cxd4 10. cxd4 Nc6 11. Nxg6 hxg6 12. Nf3 Be7 13. Be3 Qb6 14. Rb1 a5 15. a3 Rb8 16. Qa4 0-0 17. Bd3 Rfc8 18. g3 Qd8 19. h4 Nb6 20. Qd1 Nc4 21. Bg5 b5 22. Bc2 Bxg5 23. Nxg5 b4 24. Qg4 Rb7 25. Bxg6 N4xe5 26. dxe5 Nxe5 27. Bxf7+ Nxf7 28. Nxe6 Qf6 29. Nxg7 Rc4 30. Nh5+ 1-0

[Event "POL-chT 2nd League"]
[Site "Jastrzebia Gora"]
[Date "2015.09.06"]
[Round "2.89"]
[White "Suliborski, Artur"]
[Black "Smolenska, Olga"]
[Result "1-0"]
[WhiteElo "1884"]
[BlackElo "1907"]
[PlyCount "79"]
[EventDate "2015.09.05"]
[EventType "team-swiss"]
[EventRounds "9"]
[EventCountry "POL"]
[SourceTitle "EXT 2017"]
[Source "ChessBase"]
[SourceDate "2016.10.25"]
[SourceVersion "1"]
[SourceVersionDate "2016.10.25"]
[SourceQuality "1"]
[WhiteTeam "Minsk Mazowiecki MTSz"]
[BlackTeam "Konin Hetman"]
[WhiteTeamCountry "POL"]
[BlackTeamCountry "POL"]

1. e4 d5 2. exd5 Nf6 3. Bb5+ Bd7 4. Bc4 c6 5. dxc6 Nxc6 6. Nf3 Bg4 7. 0-0 e6 8. h3 Bh5 9. c3 Bd6 10. d4 Qc7 11. Nbd2 0-0 12. g4 Bg6 13. Re1 Bf4 14. Qe2 Nd5 15. Bb5 Rae8 16. Ne5 f5 17. f3 fxg4 18. hxg4 Be3+ 19. Kh1 Bf4 20. Bxc6 bxc6 21. c4 Nb4 22. Nxg6 hxg6 23. Nf1 Kf7 24. Qe4 Rh8+ 25. Kg2 Bxc1 26. Rexc1 Rh6 27. Rd1 Reh8 28. Qe5 Qe7 29. g5 Rh5 30. f4 Rh4 31. a3 Na6 32. Re1 Nc7 33. Rad1 Rb8 34. b4 Rbh8 35. d5 cxd5 36. cxd5 a5 37. d6 Qd7 38. dxc7 Qc6+ 39. Qe4 Rg4+ 40. Ng3 1-0

[Event "POL-chT 2nd League"]
[Site "Jastrzebia Gora"]
[Date "2015.09.05"]
[Round "1.83"]
[White "Skowronski, Piotr"]
[Black "Suliborski, Artur"]
[Result "1-0"]
[WhiteElo "2043"]
[BlackElo "1884"]
[PlyCount "85"]
[EventDate "2015.09.05"]
[EventType "team-swiss"]
[EventRounds "9"]
[EventCountry "POL"]
[SourceTitle "EXT 2017"]
[Source "ChessBase"]
[SourceDate "2016.10.25"]
[SourceVersion "1"]
[SourceVersionDate "2016.10.25"]
[SourceQuality "1"]
[WhiteTeam "Bydgoszcz Hetman"]
[BlackTeam "Minsk Mazowiecki MTSz"]
[WhiteTeamCountry "POL"]
[BlackTeamCountry "POL"]

1. c4 e5 2. Nc3 Nc6 3. g3 d6 4. Bg2 Be6 5. d3 Qd7 6. e3 h5 7. Nge2 Nge7 8. Nd5 h4 9. Bd2 Bg4 10. h3 Bf5 11. e4 Bg6 12. g4 Nxd5 13. cxd5 Ne7 14. f4 f6 15. Be3 c6 16. dxc6 bxc6 17. 0-0 Rb8 18. b3 d5 19. fxe5 fxe5 20. Qc2 d4 21. Bg5 Nc8 22. Kh1 Rb5 23. Ng1 Be7 24. Bxe7 Kxe7 25. Nf3 Kd6 26. Rac1 c5 27. Nd2 Qc7 28. Nc4+ Kd7 29. Bf3 Re8 30. g5 Nd6 31. Bg4+ Kc6 32. Nxd6 Qxd6 33. Qc4 a6 34. b4 Reb8 35. bxc5 Rxc5 36. Qxa6+ Kc7 37. Rxc5+ Qxc5 38. Qxg6 Rb2 39. Rf7+ Kb8 40. Rf1 Qc2 41. Qd6+ Ka7 42. Rf7+ Rb7 43. Qa3+ 1-0

[Event "Mazowiec-chT 1314"]
[Site "Poland"]
[Date "2014.02.02"]
[Round "6.12"]
[White "Jaskowski, Piotr"]
[Black "Suliborski, Artur"]
[Result "0-1"]
[WhiteElo "1858"]
[BlackElo "1867"]
[PlyCount "68"]
[EventDate "2014.01.12"]
[EventType "team-tourn"]
[EventRounds "10"]
[EventCountry "POL"]
[SourceTitle "EXT 2019"]
[Source "ChessBase"]
[SourceDate "2018.10.10"]
[SourceVersion "1"]
[SourceVersionDate "2018.10.10"]
[SourceQuality "1"]

1. b3 f5 2. Bb2 e6 3. c4 Nf6 4. e3 Be7 5. h3 b6 6. g4 Bb7 7. Rh2 0-0 8. g5 Ne4 9. h4 Qe8 10. a3 d5 11. d3 Nd6 12. f4 Nd7 13. Bg2 dxc4 14. bxc4 Bxg2 15. Rxg2 Nc5 16. Nf3 Qc6 17. Kf2 Rad8 18. Ne5 Qe8 19. Nc3 Nxc4 20. dxc4 Rxd1 21. Rxd1 Bd6 22. Nf3 a6 23. h5 e5 24. Nd5 e4 25. Nf6+ Rxf6 26. gxf6 Qxh5 27. Rxg7+ Kf8 28. Ng5 Qxd1 29. Nxh7+ Ke8 30. f7+ Kd8 31. Be5 Nd3+ 32. Kg2 Qf3+ 33. Kh2 Nxe5 34. fxe5 Bxe5+ 0-1

[Event "Rewal op-B 18th"]
[Site "Rewal"]
[Date "2013.08.26"]
[Round "6"]
[White "Jaskolka, Tomasz"]
[Black "Suliborski, Artur"]
[Result "1/2-1/2"]
[WhiteElo "2019"]
[BlackElo "1817"]
[PlyCount "97"]
[EventDate "2013.08.20"]
[EventType "swiss"]
[EventRounds "9"]
[EventCountry "POL"]
[SourceTitle "CBM 156 Extra"]
[Source "ChessBase"]
[SourceDate "2013.10.22"]
[SourceVersion "1"]
[SourceVersionDate "2013.10.22"]
[SourceQuality "1"]

1. e4 c6 2. d4 d5 3. Nc3 dxe4 4. Nxe4 Nd7 5. Nf3 Ngf6 6. Ng3 e6 7. Bd2 Bd6 8. Qe2 Qc7 9. Nf5 0-0 10. Nxd6 Qxd6 11. Bg5 b6 12. 0-0-0 Bb7 13. Ne5 h6 14. h4 c5 15. Nxd7 Nxd7 16. Qh5 cxd4 17. Bxh6 gxh6 18. Qxh6 f5 19. Rh3 Rf6 20. Qg5+ Kf7 21. Rg3 Qf8 22. Bb5 Nc5 23. Rxd4 Qh6 24. b4 Ne4 25. Rd7+ Kf8 26. Qxh6+ Rxh6 27. Ra3 Bd5 28. f3 Nf6 29. Rc7 Rh7 30. Rxh7 Nxh7 31. c4 Bb7 32. Kd2 Nf6 33. Ke3 e5 34. Ba6 f4+ 35. Ke2 Bc8 36. c5 Nd5 37. Bc4 Ne3 38. Bb5 bxc5 39. bxc5 Rb8 40. Bd3 Rb2+ 41. Ke1 a6 42. h5 Nc2+ 43. Bxc2 Rxc2 44. c6 Rxc6 45. Ra5 Re6 46. Kf2 Bd7 47. g3 fxg3+ 48. Kxg3 Bc8 49. Kg4 1/2-1/2

[Event "Rewal op-B 18th"]
[Site "Rewal"]
[Date "2013.08.23"]
[Round "4"]
[White "Koziej, Maciej"]
[Black "Suliborski, Artur"]
[Result "1/2-1/2"]
[WhiteElo "2063"]
[BlackElo "1817"]
[PlyCount "38"]
[EventDate "2013.08.20"]
[EventType "swiss"]
[EventRounds "9"]
[EventCountry "POL"]
[SourceTitle "CBM 156 Extra"]
[Source "ChessBase"]
[SourceDate "2013.10.22"]
[SourceVersion "1"]
[SourceVersionDate "2013.10.22"]
[SourceQuality "1"]

1. Nf3 Nf6 2. d4 e6 3. c4 b6 4. Nc3 Bb7 5. Bf4 Bb4 6. e3 0-0 7. Qb3 Bxc3+ 8. bxc3 d6 9. Be2 Nbd7 10. a4 a5 11. h3 Ne4 12. Rd1 Qe7 13. 0-0 e5 14. Bh2 Kh8 15. c5 dxc5 16. Nxe5 Nxe5 17. Bxe5 Ng5 18. Kh2 f6 19. Bf4 Ne6 1/2-1/2

[Event "POL-ch Amateur"]
[Site "Wroclaw"]
[Date "2013.??.??"]
[Round "3"]
[White "Lesniowski, Boguslaw"]
[Black "Suliborski, Artur"]
[Result "1-0"]
[WhiteElo "1584"]
[BlackElo "1840"]
[PlyCount "73"]
[EventDate "2013.06.??"]
[EventType "swiss"]
[EventRounds "9"]
[EventCountry "POL"]
[SourceTitle "EXT 2014"]
[Source "ChessBase"]
[SourceDate "2013.11.20"]
[SourceVersion "1"]
[SourceVersionDate "2013.11.20"]
[SourceQuality "1"]

1. d4 Nf6 2. c4 e6 3. Nf3 Bb4+ 4. Bd2 a5 5. Nc3 b6 6. a3 Bxc3 7. Bxc3 Bb7 8. e3 d6 9. Be2 Nbd7 10. 0-0 0-0 11. b4 axb4 12. axb4 Qe7 13. Qc2 Ne4 14. Nd2 Nxc3 15. Qxc3 e5 16. d5 f5 17. Rxa8 Rxa8 18. Ra1 Rb8 19. Ra7 Qf8 20. Qc2 g6 21. Nf3 h6 22. h4 Qf6 23. g3 g5 24. hxg5 hxg5 25. Qa4 Qd8 26. Nxg5 Nf8 27. f4 exf4 28. gxf4 Bc8 29. Qc6 Bd7 30. Qxc7 Qe8 31. Kf2 Rd8 32. Qxd6 b5 33. Qe5 Qg6 34. c5 Re8 35. Qd6 Qg7 36. c6 Qc3 37. Qc5 1-0

[Event "Mazowiec-chT op Autumn"]
[Site "Poland"]
[Date "2012.11.03"]
[Round "5.14"]
[White "Kaczmarczyk, Marcin"]
[Black "Suliborski, Artur"]
[Result "0-1"]
[WhiteElo "1575"]
[BlackElo "1858"]
[PlyCount "146"]
[EventDate "2012.10.14"]
[EventType "team-swiss"]
[EventRounds "8"]
[EventCountry "POL"]
[SourceTitle "EXT 2019"]
[Source "ChessBase"]
[SourceDate "2018.10.10"]
[SourceVersion "1"]
[SourceVersionDate "2018.10.10"]
[SourceQuality "1"]

1. e4 c5 2. c3 d6 3. d4 Nd7 4. d5 g6 5. Nf3 Bg7 6. Be3 Ngf6 7. Nbd2 a6 8. a4 b6 9. c4 Ng4 10. Rb1 Nxe3 11. fxe3 a5 12. Bd3 0-0 13. 0-0 Nf6 14. Qe2 Bd7 15. b3 Bh6 16. h3 Qc7 17. Qe1 Bg7 18. g4 Qc8 19. Qg3 h5 20. g5 Ne8 21. h4 Qc7 22. Rf2 e5 23. Rbf1 Bc8 24. Kg2 Qd7 25. Nh2 Kh7 26. Ndf3 Qe7 27. Rg1 Bd7 28. Kf1 Nc7 29. Ke2 Rg8 30. Kd2 Na6 31. Rgf1 Raf8 32. Ke2 Be8 33. Ke1 Bh8 34. Ke2 Nb8 35. Ke1 Bd7 36. Ke2 Bc8 37. Rg2 Qd7 38. Rfg1 Qe7 39. Qe1 Nd7 40. Rg3 Rd8 41. R1g2 Kg7 42. Qh1 Kf8 43. Kd2 Ke8 44. Ke2 Nf8 45. Rf2 Kd7 46. Qf1 Ke8 47. Nd2 Nh7 48. Ndf3 Rf8 49. Qg1 Kd7 50. Rfg2 Rg8 51. Bb1 Rdf8 52. Bd3 Kc7 53. Bc2 Bd7 54. Bd3 Be8 55. Rf2 Bd7 56. Ke1 Qe8 57. Rfg2 Kb7 58. Be2 Qc8 59. Bf1 Be8 60. Be2 f5 61. gxf6 Bxf6 62. Ng5 Nxg5 63. hxg5 Be7 64. Rf3 Bd7 65. Rxf8 Qxf8 66. Rf2 Qd8 67. Nf3 Bg4 68. Nh4 Bxg5 69. Rf7+ Kb8 70. Nxg6 Rxg6 71. Bxg4 hxg4 72. Ke2 Bh4 73. Qf1 Rf6 0-1

[Event "Mazowiec-chT op Autumn"]
[Site "Poland"]
[Date "2012.10.21"]
[Round "3.13"]
[White "Czyz, Pawel"]
[Black "Suliborski, Artur"]
[Result "1-0"]
[WhiteElo "2028"]
[BlackElo "1858"]
[PlyCount "84"]
[EventDate "2012.10.14"]
[EventType "team-swiss"]
[EventRounds "8"]
[EventCountry "POL"]
[SourceTitle "EXT 2019"]
[Source "ChessBase"]
[SourceDate "2018.10.10"]
[SourceVersion "1"]
[SourceVersionDate "2018.10.10"]
[SourceQuality "1"]

1. d4 f5 2. Nf3 Nf6 3. c4 d6 4. Nc3 g6 5. h3 Bg7 6. Bf4 0-0 7. e3 Qe8 8. Be2 a6 9. Rc1 Nbd7 10. d5 Nc5 11. 0-0 Nfe4 12. Nxe4 Nxe4 13. Qc2 Bd7 14. Bd3 Nc5 15. b4 Nxd3 16. Qxd3 h6 17. Rfd1 g5 18. Bg3 Bf6 19. Nd4 Qg6 20. f4 g4 21. Kh2 Rf7 22. Qe2 h5 23. h4 Re8 24. c5 Bxd4 25. Rxd4 dxc5 26. bxc5 Bb5 27. Qc2 Rd8 28. Rb1 Be8 29. Rxb7 c6 30. Rb6 Rf6 31. dxc6 Rxd4 32. exd4 Rxc6 33. Qc4+ Kf8 34. Qxa6 Qe6 35. a4 Qd5 36. a5 Rxb6 37. axb6 Bc6 38. Qe2 Qxd4 39. Qe6 Qxc5 40. Qc8+ Kf7 41. b7 Qd5 42. Qxc6 Qxc6 1-0

[Event "Gdansk op 14th"]
[Site "Gdansk"]
[Date "2012.07.24"]
[Round "4"]
[White "Suliborski, Artur"]
[Black "Pioch, Zygmunt"]
[Result "1/2-1/2"]
[WhiteElo "1797"]
[BlackElo "2120"]
[PlyCount "44"]
[EventDate "2012.07.22"]
[EventType "swiss"]
[EventRounds "9"]
[EventCountry "POL"]
[SourceTitle "CBM 149 Extra"]
[Source "ChessBase"]
[SourceDate "2012.08.24"]
[SourceVersion "1"]
[SourceVersionDate "2012.08.24"]
[SourceQuality "1"]

1. e4 e5 2. f4 exf4 3. Nf3 Ne7 4. d4 d5 5. Nc3 dxe4 6. Nxe4 Nd5 7. Bd3 Be7 8. c4 Ne3 9. Bxe3 fxe3 10. Qe2 f5 11. Nc3 f4 12. Ne5 g6 13. Qc2 Qxd4 14. Bxg6+ Kf8 15. Nf3 Qf6 16. Bxh7 Bb4 17. 0-0 Bxc3 18. bxc3 Nc6 19. Qe4 Kg7 20. Nd4 Nxd4 21. cxd4 Rf8 22. Qd3 Bf5 1/2-1/2

[Event "Mazowiec-chT 1112"]
[Site "Poland"]
[Date "2012.01.29"]
[Round "3.16"]
[White "Nojszewski, Adam"]
[Black "Suliborski, Artur"]
[Result "1/2-1/2"]
[WhiteElo "1951"]
[BlackElo "1723"]
[PlyCount "46"]
[EventDate "2012.01.08"]
[EventType "team-tourn"]
[EventRounds "10"]
[EventCountry "POL"]
[SourceTitle "EXT 2019"]
[Source "ChessBase"]
[SourceDate "2018.10.10"]
[SourceVersion "1"]
[SourceVersionDate "2018.10.10"]
[SourceQuality "1"]

1. d4 d5 2. c4 e6 3. Nc3 c6 4. Nf3 Nf6 5. Bg5 dxc4 6. e4 b5 7. a4 Qb6 8. Bxf6 gxf6 9. e5 Nd7 10. exf6 Nxf6 11. Ne5 Bb7 12. Be2 Bd6 13. Bh5 Bxe5 14. dxe5 Nxh5 15. Qxh5 0-0-0 16. Ne4 Qa5+ 17. Ke2 Qb4 18. Nd6+ Rxd6 19. exd6 Qxb2+ 20. Ke3 Qc3+ 21. Ke2 Qb2+ 22. Ke3 Qc3+ 23. Ke2 Qb2+ 1/2-1/2